[Event "Laval Ile-Jesus op"]
[Site "Laval"]
[Date "1986.11.30"]
[Round "4"]
[White "Pageau, Guy"]
[Black "Charest, Johanne"]
[Result "0-1"]
[WhiteElo "1575"]
[BlackElo "1330"]
[PlyCount "104"]
[EventDate "1986.11.29"]
[EventType "swiss"]
[EventRounds "4"]
[EventCountry "CAN"]
[SourceTitle "EXT 2022"]
[Source "ChessBase"]
[SourceDate "2021.10.06"]
[SourceVersion "1"]
[SourceVersionDate "2021.10.06"]
[SourceQuality "1"]

1. d4 d5 2. Nf3 Bf5 3. e3 Nf6 4. c4 c6 5. Nc3 e6 6. Qb3 b6 7. cxd5 cxd5 8. Bb5+ Nbd7 9. Ne5 Bd6 10. Qa4 a6 11. Bxd7+ Nxd7 12. Qxd7+ Qxd7 13. Nxd7 Kxd7 14. Na4 Kc7 15. Bd2 Bd3 16. Rc1+ Kb7 17. Rc3 Bc4 18. b3 Bb5 19. Nb2 a5 20. Nd3 Rac8 21. h4 Rxc3 22. Nc5+ Rxc5 23. dxc5 Bxc5 24. Bc3 f6 25. Kd2 e5 26. Rc1 Rd8 27. Bxa5 Bxe3+ 28. fxe3 bxa5 29. a4 Ba6 30. b4 axb4 31. Rb1 Kb6 32. Rxb4+ Ka5 33. Rg4 g6 34. Kc3 Rb8 35. h5 g5 36. Rg3 Be2 37. Rh3 Kxa4 38. Kd2 Rb2+ 39. Ke1 Bg4 40. Rg3 f5 41. h6 Re2+ 42. Kf1 Rd2 43. Ke1 Rd1+ 44. Kf2 e4 45. Rh3 Bxh3 46. gxh3 f4 47. h4 fxe3+ 48. Ke2 gxh4 49. Kxd1 h3 50. Ke2 d4 51. Kf1 d3 52. Kg1 d2 0-1